No hay burlas con el amor / (Record no. 135734)

MARC details
000 -CABECERA
campo de control de longitud fija 01537nam a22003374i 4500
001 - NÚMERO DE CONTROL
campo de control 991061199978206706
003 - IDENTIFICADOR DEL NÚMERO DE CONTROL
campo de control ES-BaIT
005 - FECHA Y HORA DE LA ÚLTIMA TRANSACCIÓN
campo de control 20241104125337.0
008 - DATOS DE LONGITUD FIJA--INFORMACIÓN GENERAL
campo de control de longitud fija 241021s2024 sp 000 d spa c
017 ## - NÚMERO DE COPYRIGHT O DE DEPÓSITO LEGAL
Número de copyright o de depósito legal DL M 18393-2024
Agencia que asigna Oficina DL Madrid
020 ## - NÚMERO INTERNACIONAL ESTÁNDAR DEL LIBRO
Número Internacional Estándar del Libro 9788491924586
Información calificativa (Iberoamericana)
040 ## - FUENTE DE LA CATALOGACIÓN
Centro catalogador/agencia de origen ES-BaIT
Lengua de catalogación cat
Normas de descripción rda
Centro/agencia transcriptor ES-BaIT
080 ## - NÚMERO DE LA CLASIFICACIÓN DECIMAL UNIVERSAL
Número de la Clasificación Decimal Universal 860-2"16"
100 1# - ENTRADA PRINCIPAL--NOMBRE DE PERSONA
Nombre de persona Calderón de la Barca, Pedro,
Fechas asociadas al nombre 1600-1681
Término indicativo de función/relación autor
9 (RLIN) 10875
245 10 - MENCIÓN DE TÍTULO
Título No hay burlas con el amor /
Mención de responsabilidad, etc. Pedro Calderón de la Barca ; edición de Ignacio Arellano
264 #1 - PRODUCCIÓN, PUBLICACIÓN, DISTRIBUCIÓN, FABRICACIÓN Y COPYRIGHT
Producción, publicación, distribución, fabricación y copyright Madrid
Nombre del de productor, editor, distribuidor, fabricante Iberoamericana ;
Producción, publicación, distribución, fabricación y copyright Frankfurt am Main :
Nombre del de productor, editor, distribuidor, fabricante Vervuert ;
Fecha de producción, publicación, distribución, fabricación o copyright [2024]
300 ## - DESCRIPCIÓN FÍSICA
Extensión 181 pàgines
Dimensiones 24 cm
336 ## - TIPO DE CONTENIDO
Término de tipo de contenido text
Código de tipo de contenido txt
Fuente rdacontent
337 ## - TIPO DE MEDIO
Nombre/término del tipo de medio sense mediació
Código del tipo de medio n
Fuente rdamedia
338 ## - TIPO DE SOPORTE
Nombre/término del tipo de soporte volum
Código del tipo de soporte nc
Fuente rdacarrier
490 1# - MENCIÓN DE SERIE
Mención de serie Biblioteca áurea hispánica ;
Designación de volumen o secuencia 169
490 1# - MENCIÓN DE SERIE
Mención de serie Comedias completas de Calderón ;
Designación de volumen o secuencia 23
505 0# - NOTA DE CONTENIDO CON FORMATO
Nota de contenido con formato Cubierta -- Portada -- Página de derechos de autor -- Índice -- Introducción -- Nota preliminar -- El sentido cómico de No hay burlas con el amor -- ¿Poder patriarcal y rebelión feminista? -- Comentario textual -- Datación -- Bibliografía -- Texto de la comedia -- Lista de variantes -- Índice de notas -- Contraportada
600 17 - PUNTO DE ACCESO ADICIONAL DE MATERIA--NOMBRE DE PERSONA
Nombre de persona Calderón de la Barca, Pedro,
Fechas asociadas al nombre 1600-1681
Subdivisión general Crítica i interpretació
9 (RLIN) 55331
700 1# - ENTRADA AGREGADA--NOMBRE PERSONAL
Nombre de persona Arellano, Ignacio
Término indicativo de función/relación editor
9 (RLIN) 5189
830 ## - PUNTO DE ACCESO ADICIONAL DE SERIE-TÍTULO UNIFORME
Título uniforme Biblioteca calderoniana
Designación de volumen o secuencia 23
9 (RLIN) 137270
830 ## - PUNTO DE ACCESO ADICIONAL DE SERIE-TÍTULO UNIFORME
Título uniforme Biblioteca Áurea hispánica
Designación de volumen o secuencia 169
9 (RLIN) 82237
908 ## - COLOCAR PARÁMETRO DE COMANDO (RLIN)
Colocar parámetro de comando CDMAE
940 ## - EQUIVALENCIA O REFERENCIA-CRUZADA--TÍTULO UNIFORME [OBSOLETO] [solamente CAN/MARC]
Título uniforme <a href="CVA2">CVA2</a>
942 ## - ELEMENTOS DE ENTRADA AGREGADA (KOHA)
Fuente del sistema de clasificación o colocación Clasificación decimal universal
Tipo de ítem Koha Llibre
Holdings
Estado de retiro Estado de pérdida Fuente del sistema de clasificación o colocación Estado dañado No para préstamo Localización permanente Ubicación/localización actual Ubicación en estantería Fecha de adquisición Fuente de adquisición Total de préstamos Signatura topográfica completa Código de barras Fecha visto por última vez Precio válido a partir de Tipo de ítem Koha
    Clasificación decimal universal     Biblioteca Barcelona Biblioteca Barcelona BCN Lliure Accés 04/11/2024 Compra   860 CAL no 1900088208 04/11/2024 04/11/2024 Llibre

Powered by Koha